UK Donna Summer Top 10 Hits - Statistics

General Stats
  • This quiz has been taken 29 times
  • The average score is 5 of 10
Answer Stats
Hint Answer % Correct
UK Number 1 I Feel Love
94%
1994 Top 10 remix I Feel Love
94%
First UK Top 10 hit Love To Love You Baby
63%
1978 Top 10 hit Macarthur Park
63%
Duet Top 10 hit No More Tears
50%
1977 Top 10 hit I Love You
31%
Second Top 10 hit of 1989 I Don't Wanna Get Hurt
25%
1977 Top 10 hit Loves Unkind
25%
First of 2 1989 Top 10 hits This Time I Know It's For Real
25%
1977 Top 10 hit Down Deep Inside
19%
No matching quizzes found
Score Distribution
Percent of People with Each Score
Percentile by Number Answered
Your Score History
You have not taken this quiz